000 00388pab a2200145 454500
008 180718b1997 xxu||||| |||| 00| 0 eng d
100 _aRay, Baren
245 _aRunning a UF coalition government: need for a new set of organisational principles
260 _c1997
300 _ap.8-10
362 _a3 May
650 _aPolitics and government
773 _aMainstream
909 _a33935
999 _c33935
_d33935